[Event "Reinstorf op"]
[Site "Reinstorf"]
[Date "2022.01.29"]
[Round "1"]
[White "Himpenmacher, Andy"]
[Black "Cordsen, Heinrich"]
[Result "1-0"]
[WhiteElo "2198"]
[BlackElo "1685"]
[PlyCount "77"]
[EventDate "2022.01.29"]
[EventType "swiss"]
[EventRounds "9"]
[EventCountry "GER"]
[SourceTitle "CBM 206 Extra"]
[Source "ChessBase"]
[SourceDate "2022.03.31"]
[SourceVersion "1"]
[SourceVersionDate "2022.03.31"]
[SourceQuality "1"]

1. d4 e6 2. Nf3 Nf6 3. Bf4 b6 4. e3 Bb7 5. Bd3 d5 6. 0-0 Bd6 7. Nbd2 0-0 8. c3 Bxf4 9. exf4 c5 10. Re1 Qd6 11. g3 Nc6 12. a3 cxd4 13. Nxd4 Nxd4 14. cxd4 g6 15. h4 Kg7 16. Qe2 Rfc8 17. Kg2 Rc7 18. Nf1 Rac8 19. Ne3 Bc6 20. f5 e5 21. fxg6 hxg6 22. dxe5 Qe6 23. exf6+ Qxf6 24. Ng4 d4+ 25. f3 Qd6 26. Qe5+ Qxe5 27. Rxe5 Bd7 28. h5 Rc1 29. Rxc1 Rxc1 30. h6+ Kf8 31. Nf6 Be6 32. Nh7+ Kg8 33. Ng5 Rd1 34. Nxe6 fxe6 35. Bxg6 d3 36. Rxe6 Rd2+ 37. Kh3 Re2 38. Rd6 d2 39. Rd8+ 1-0

[Event "NRW Class1 1819"]
[Site "Germany"]
[Date "2018.11.18"]
[Round "3.3"]
[White "Himpenmacher, Andy"]
[Black "Cukrowski, Filip"]
[Result "0-1"]
[WhiteElo "2199"]
[BlackElo "2409"]
[PlyCount "80"]
[EventDate "2018.09.16"]
[EventType "team-tourn"]
[EventRounds "9"]
[EventCountry "GER"]
[SourceTitle "EXT 2022"]
[Source "ChessBase"]
[SourceDate "2021.10.06"]
[SourceVersion "1"]
[SourceVersionDate "2021.10.06"]
[SourceQuality "1"]
[WhiteTeam "Lieme"]
[BlackTeam "Letmathe"]
[WhiteTeamCountry "GER"]
[BlackTeamCountry "GER"]

1. d4 Nf6 2. Bf4 d6 3. Nc3 Nbd7 4. Nf3 c5 5. d5 b5 6. e4 b4 7. Na4 Qa5 8. b3 Bb7 9. Nd2 g6 10. Be2 Bg7 11. Nb2 0-0 12. Nbc4 Qd8 13. 0-0 Nb6 14. Be3 Rc8 15. a3 Nxc4 16. Bxc4 a5 17. a4 Nd7 18. Rb1 Nb6 19. Qe2 Rc7 20. Rbd1 Kh8 21. f4 f5 22. Nf3 Nxc4 23. bxc4 fxe4 24. Ng5 Bc8 25. g4 Qe8 26. Qg2 h6 27. Ne6 Bxe6 28. dxe6 Qxa4 29. Qxe4 Qe8 30. f5 gxf5 31. Rxf5 Rxf5 32. Qxf5 Rc8 33. Rf1 Qg8 34. Qg6 Qh7 35. Qf7 Bf6 36. Rxf6 exf6 37. Qh5 a4 38. Bxh6 a3 39. Qh4 Qg6 40. h3 Kg8 0-1

[Event "NRW Class1 1718"]
[Site "Germany"]
[Date "2018.03.11"]
[Round "7.5"]
[White "Mueller, Achim1111"]
[Black "Himpenmacher, Andy"]
[Result "0-1"]
[WhiteElo "2002"]
[BlackElo "2163"]
[PlyCount "86"]
[EventDate "2017.09.17"]
[EventType "team-tourn"]
[EventRounds "9"]
[EventCountry "GER"]
[SourceTitle "EXT 2019"]
[Source "ChessBase"]
[SourceDate "2018.10.10"]
[SourceVersion "1"]
[SourceVersionDate "2018.10.10"]
[SourceQuality "1"]
[WhiteTeam "Emsdetten Rochade"]
[BlackTeam "Lieme"]
[WhiteTeamCountry "GER"]
[BlackTeamCountry "GER"]

1. Nf3 e6 2. d4 Nf6 3. g3 d5 4. Bg2 b5 5. 0-0 Be7 6. b3 0-0 7. c4 bxc4 8. bxc4 c6 9. Nbd2 Nbd7 10. Re1 Ba6 11. Qa4 Qc8 12. Ne5 Nxe5 13. dxe5 Nd7 14. cxd5 cxd5 15. Ba3 Bxa3 16. Qxa3 Nxe5 17. Rec1 Nc4 18. Nxc4 Bxc4 19. e4 Qd7 20. Rd1 Rac8 21. exd5 Bxd5 22. Bxd5 exd5 23. Rd4 Rc4 24. Rad1 Rxd4 25. Rxd4 Rb8 26. Qd3 Rb5 27. a4 Rc5 28. Qb3 h6 29. Qb8+ Kh7 30. Qb1+ g6 31. Qd3 Qc6 32. h4 h5 33. Rf4 Kg8 34. Rd4 Qe6 35. Kg2 Qc6 36. Qf3 Kg7 37. Qf4 Qe6 38. Qb8 Qb6 39. Qe5+ Qf6 40. Qe3 Qe6 41. Qf3 Rc1 42. Qxd5 Qe1 43. Kf3 Rc2 0-1

[Event "GER CupT 1718 prel5"]
[Site "Lemgo"]
[Date "2018.01.13"]
[Round "1"]
[White "Heyder, Florian"]
[Black "Himpenmacher, Andy"]
[Result "1/2-1/2"]
[WhiteElo "2192"]
[BlackElo "2199"]
[PlyCount "78"]
[EventDate "2018.01.13"]
[EventType "team-k.o."]
[EventRounds "2"]
[EventCountry "GER"]
[SourceTitle "EXT 2019"]
[Source "ChessBase"]
[SourceDate "2018.10.10"]
[SourceVersion "1"]
[SourceVersionDate "2018.10.10"]
[SourceQuality "1"]
[WhiteTeam "Sangerhausen"]
[BlackTeam "Lieme"]
[WhiteTeamCountry "GER"]
[BlackTeamCountry "GER"]

1. d4 Nf6 2. Nc3 e6 3. e4 d5 4. Bg5 Be7 5. e5 Nfd7 6. h4 a6 7. f4 c5 8. Nf3 Nc6 9. dxc5 h6 10. Bxe7 Qxe7 11. Qd2 Qxc5 12. 0-0-0 b5 13. Ne2 a5 14. Ned4 Nxd4 15. Nxd4 b4 16. Bb5 0-0 17. Bxd7 Bxd7 18. Rh3 a4 19. Kb1 f6 20. Rg3 fxe5 21. fxe5 Qc7 22. Re1 Kh8 23. Qxb4 Rf2 24. a3 Raf8 25. Rc3 Qa7 26. Rg3 R8f7 27. h5 R2f4 28. c3 Rf2 29. Ree3 Qc7 30. Rgf3 R7xf3 31. gxf3 Qa7 32. Qe7 Qa6 33. Re1 Rf1 34. Rxf1 Qxf1+ 35. Ka2 Qc4+ 36. Ka1 Bb5 37. Nxb5 Qf1+ 38. Ka2 Qc4+ 39. Ka1 Qf1+ 1/2-1/2

[Event "GER CupT prel3"]
[Site "Knuellwald"]
[Date "2016.01.23"]
[Round "1.1"]
[White "Heyder, Florian"]
[Black "Himpenmacher, Andy"]
[Result "0-1"]
[WhiteElo "2256"]
[BlackElo "2232"]
[PlyCount "96"]
[EventDate "2016.01.23"]
[EventType "team-k.o."]
[EventRounds "2"]
[EventCountry "GER"]
[SourceTitle "EXT 2017"]
[Source "ChessBase"]
[SourceDate "2016.10.25"]
[SourceVersion "1"]
[SourceVersionDate "2016.10.25"]
[SourceQuality "1"]
[WhiteTeam "Sangerhausen"]
[BlackTeam "Lieme"]
[WhiteTeamCountry "GER"]
[BlackTeamCountry "GER"]

1. e4 c5 2. Nf3 g6 3. c3 Bg7 4. Be2 d6 5. 0-0 Nf6 6. Re1 0-0 7. Bf1 Nc6 8. d3 h6 9. Nbd2 a6 10. Nc4 b5 11. Ne3 e5 12. Bd2 d5 13. exd5 Nxd5 14. a4 Be6 15. c4 bxc4 16. Nxc4 Qc7 17. Rc1 Rfe8 18. Qe2 Bg4 19. Qe4 Nf6 20. Qe3 Nd7 21. Bc3 Nd4 22. Be2 Nxe2+ 23. Qxe2 f6 24. h3 Be6 25. Qe4 f5 26. Qh4 g5 27. Qg3 f4 28. Qh2 Bxc4 29. dxc4 e4 30. Nd2 Bxc3 31. Rxc3 Nf6 32. g3 Qd6 33. Nf1 Kf7 34. gxf4 gxf4 35. Ne3 Rad8 36. Nf5 Qd2 37. Rcc1 Rg8+ 38. Kh1 Rg5 39. Nh4 Rd3 40. Ng2 f3 41. Ne3 Rxe3 42. Red1 Qe2 43. Qc7+ Kg6 44. Rg1 Qxf2 45. Qxc5 Qh4 46. Rxg5+ hxg5 47. Qxe3 Qxh3+ 48. Kg1 Qg2# 0-1

[Event "Lippe Cup A 9th"]
[Site "Lieme"]
[Date "2012.10.14"]
[Round "5"]
[White "Eichenhofer, Karsten"]
[Black "Himpenmacher, Andy"]
[Result "1/2-1/2"]
[WhiteElo "1993"]
[BlackElo "2191"]
[PlyCount "26"]
[EventDate "2012.10.12"]
[EventType "swiss"]
[EventRounds "5"]
[EventCountry "GER"]
[SourceTitle "EXT 2014"]
[Source "ChessBase"]
[SourceDate "2013.11.20"]
[SourceVersion "1"]
[SourceVersionDate "2013.11.20"]
[SourceQuality "1"]

1. d4 d6 2. Nf3 Nf6 3. Nc3 g6 4. e4 Bg7 5. Be3 c6 6. Qd2 Qa5 7. Bd3 Nbd7 8. Bh6 Bxh6 9. Qxh6 b5 10. 0-0 b4 11. Ne2 Rb8 12. Ng3 Qc7 13. Rfe1 e5 1/2-1/2

[Event "Lippe Cup A 9th"]
[Site "Lieme"]
[Date "2012.10.14"]
[Round "4"]
[White "Klatt, Jan"]
[Black "Himpenmacher, Andy"]
[Result "1-0"]
[WhiteElo "2136"]
[BlackElo "2191"]
[PlyCount "41"]
[EventDate "2012.10.12"]
[EventType "swiss"]
[EventRounds "5"]
[EventCountry "GER"]
[SourceTitle "EXT 2014"]
[Source "ChessBase"]
[SourceDate "2013.11.20"]
[SourceVersion "1"]
[SourceVersionDate "2013.11.20"]
[SourceQuality "1"]

1. Nc3 d6 2. d4 g6 3. h4 h6 4. e4 c6 5. h5 g5 6. f4 gxf4 7. Bxf4 Nf6 8. Qd3 Qa5 9. Bd2 Qc7 10. 0-0-0 b5 11. e5 dxe5 12. dxe5 Ng4 13. Nxb5 cxb5 14. Qf3 Qc6 15. Ba5 Bd7 16. Qxg4 Qa6 17. e6 Qxe6 18. Qxe6 fxe6 19. Bd3 Bg7 20. Bg6+ Kf8 21. Bc7 1-0

[Event "Lippe Cup-A 08th"]
[Site "Lieme"]
[Date "2011.10.28"]
[Round "1"]
[White "Kuhn, Andreas2222"]
[Black "Himpenmacher, Andy"]
[Result "1/2-1/2"]
[WhiteElo "1956"]
[BlackElo "2199"]
[PlyCount "44"]
[EventDate "2011.10.28"]
[EventType "swiss"]
[EventRounds "5"]
[EventCountry "GER"]
[SourceTitle "EXT 2012"]
[Source "ChessBase"]
[SourceDate "2011.11.24"]
[SourceVersion "1"]
[SourceVersionDate "2011.11.24"]
[SourceQuality "1"]

1. c4 e5 2. g3 g6 3. Bg2 Bg7 4. Nc3 Nc6 5. d3 d6 6. e4 Be6 7. Be3 Qd7 8. Qd2 Nge7 9. Nd5 Bxd5 10. exd5 Nd4 11. Ne2 Nxe2 12. Qxe2 a5 13. 0-0 0-0 14. Qd2 a4 15. b4 f5 16. Rac1 f4 17. gxf4 exf4 18. Bxf4 Qg4 19. Bg3 Nf5 20. Rce1 Qd4 21. Re4 Qf6 22. Rfe1 Nxg3 1/2-1/2

[Event "Werther Schloss op-A 17th"]
[Site "Werther"]
[Date "2011.04.15"]
[Round "2"]
[White "Himpenmacher, Andy"]
[Black "Meijers, Viesturs"]
[Result "0-1"]
[WhiteElo "2195"]
[BlackElo "2493"]
[PlyCount "84"]
[EventDate "2011.04.14"]
[EventType "swiss"]
[EventRounds "7"]
[EventCountry "GER"]
[SourceTitle "CBM 141 Extra"]
[Source "ChessBase"]
[SourceDate "2011.05.03"]
[SourceVersion "1"]
[SourceVersionDate "2011.05.03"]
[SourceQuality "1"]

1. e4 c5 2. Nc3 e6 3. g3 a6 4. Bg2 b5 5. d3 Bb7 6. f4 h5 7. Nf3 Be7 8. h3 d5 9. exd5 exd5 10. d4 Nf6 11. 0-0 0-0 12. Ne2 Nc6 13. c3 b4 14. Kh2 Rc8 15. dxc5 Bxc5 16. cxb4 Nxb4 17. Nfd4 a5 18. a3 Nc6 19. Rb1 Ba6 20. Nxc6 Rxc6 21. b4 axb4 22. axb4 Rb6 23. Ba3 Bd6 24. Re1 h4 25. Qd4 Re8 26. Nc3 hxg3+ 27. Kh1 Rxe1+ 28. Rxe1 Bb7 29. Na4 Ra6 30. b5 Ra5 31. Bxd6 Qxd6 32. Nc3 Ra3 33. Bf3 Rb3 34. Kg2 Rb4 35. Qe5 Qd7 36. Qe7 Rb2+ 37. Kxg3 Qc8 38. Qe5 d4 39. Bxb7 Qxc3+ 40. Bf3 Rb3 41. Rf1 Qd3 42. Rf2 Ne4+ 0-1

[Event "Lippe Cup 06th"]
[Site "Lieme"]
[Date "2009.10.18"]
[Round "5"]
[White "Plischki, Sebastian"]
[Black "Himpenmacher, Andy"]
[Result "1-0"]
[WhiteElo "2352"]
[BlackElo "2212"]
[PlyCount "77"]
[EventDate "2009.10.16"]
[EventType "swiss"]
[EventRounds "5"]
[EventCountry "GER"]
[SourceTitle "EXT 2012"]
[Source "ChessBase"]
[SourceDate "2011.11.24"]
[SourceVersion "1"]
[SourceVersionDate "2011.11.24"]
[SourceQuality "1"]

1. d4 Nf6 2. c4 e6 3. Nc3 Bb4 4. Qc2 0-0 5. e4 d5 6. e5 Ne4 7. Bd3 c5 8. Nf3 cxd4 9. Nxd4 Qa5 10. 0-0 Bxc3 11. bxc3 f5 12. exf6 Nxf6 13. Re1 Nc6 14. Bf4 Qc5 15. Nb3 Qb6 16. cxd5 exd5 17. Bg5 Qc7 18. Bxf6 gxf6 19. Re3 Ne5 20. Rae1 Qf7 21. f4 Nc6 22. Nd4 f5 23. Bb5 Qf6 24. Qd2 Bd7 25. Ne6 Bxe6 26. Rxe6 Qd8 27. Kh1 Qd7 28. Qe3 Rf7 29. h3 Qc7 30. Qc5 Qxf4 31. Qxd5 Rd8 32. Qc5 Rd2 33. Bxc6 bxc6 34. Qxc6 Rdd7 35. R6e3 Qf2 36. Qh6 Rf8 37. Re7 Rxe7 38. Rxe7 Qg3 39. Qxh7# 1-0

[Event "Werther Schloss op-A 15th"]
[Site "Werther"]
[Date "2009.04.05"]
[Round "6"]
[White "Himpenmacher, Andy"]
[Black "Kahleys, Kevin"]
[Result "1-0"]
[WhiteElo "2189"]
[BlackElo "2006"]
[PlyCount "85"]
[EventDate "2009.04.02"]
[EventType "swiss"]
[EventRounds "7"]
[EventCountry "GER"]
[SourceTitle "CBM 131 Extra"]
[Source "ChessBase"]
[SourceDate "2009.09.03"]
[SourceVersion "2"]
[SourceVersionDate "2009.09.16"]
[SourceQuality "1"]

1. e4 e6 2. d4 d5 3. Nc3 Nf6 4. Bg5 Be7 5. e5 Nfd7 6. Bxe7 Qxe7 7. f4 a6 8. Nf3 c5 9. Bd3 Nc6 10. dxc5 Qxc5 11. Qd2 b5 12. Ne2 Nb6 13. c3 Bb7 14. Ned4 g6 15. h4 h5 16. Nb3 Qe7 17. Qf2 Nc4 18. 0-0 Rc8 19. Rad1 a5 20. Nfd4 Nxd4 21. cxd4 0-0 22. Nc5 Bc6 23. Rde1 Rce8 24. f5 exf5 25. Bxf5 gxf5 26. Qg3+ Kh8 27. Rxf5 f6 28. Rxh5+ Qh7 29. Rxh7+ Kxh7 30. exf6 Rxf6 31. Rxe8 Bxe8 32. b3 Nd6 33. Qg5 Rg6 34. Qe7+ Kg8 35. Ne6 Bf7 36. Qf8+ Kh7 37. Ng5+ Rxg5 38. hxg5 Nf5 39. Qxf7+ Ng7 40. g4 a4 41. Kg2 axb3 42. axb3 b4 43. Kg3 1-0

[Event "Werther Schloss op-A 15th"]
[Site "Werther"]
[Date "2009.04.04"]
[Round "4"]
[White "Himpenmacher, Andy"]
[Black "Lehmann, Holger"]
[Result "1/2-1/2"]
[WhiteElo "2189"]
[BlackElo "2243"]
[PlyCount "97"]
[EventDate "2009.04.02"]
[EventType "swiss"]
[EventRounds "7"]
[EventCountry "GER"]
[SourceTitle "CBM 131 Extra"]
[Source "ChessBase"]
[SourceDate "2009.09.03"]
[SourceVersion "2"]
[SourceVersionDate "2009.09.16"]
[SourceQuality "1"]

1. e4 c6 2. d4 d5 3. Nc3 dxe4 4. Nxe4 Bf5 5. Nc5 b6 6. Nb3 e6 7. Nf3 Nf6 8. g3 a5 9. Bg2 a4 10. Nbd2 a3 11. 0-0 axb2 12. Bxb2 Ba3 13. Qc1 Bxb2 14. Qxb2 0-0 15. Ne5 Ra4 16. Nb3 Qc7 17. Rfd1 c5 18. dxc5 bxc5 19. c4 Ng4 20. Nxg4 Bxg4 21. f3 Bf5 22. Bf1 Nd7 23. Qf2 e5 24. Rd2 Rfa8 25. Rad1 R4a7 26. g4 Be6 27. Bd3 h6 28. Be4 Rc8 29. Kh1 Nf8 30. Qe2 Qe7 31. Bc2 Qg5 32. Qe4 Qf4 33. Re1 Bxc4 34. Qxf4 exf4 35. Rc1 Bxb3 36. axb3 g6 37. Be4 Ne6 38. Rdc2 Rd8 39. Kg1 Ra6 40. Kf1 Rb6 41. Rb2 Rb4 42. Rc4 Kg7 43. Rxb4 cxb4 44. Rc2 Rd4 45. h4 Kf6 46. Rc6 Ke5 47. Rb6 Kf6 48. Ke2 Kg7 49. Bd3 1/2-1/2

[Event "Lippe Cup 05th"]
[Site "Lieme"]
[Date "2008.09.27"]
[Round "3"]
[White "Gutman, Lev"]
[Black "Himpenmacher, Andy"]
[Result "1-0"]
[WhiteElo "2497"]
[BlackElo "2163"]
[PlyCount "123"]
[EventDate "2008.09.26"]
[EventType "swiss"]
[EventRounds "5"]
[EventCountry "GER"]
[SourceTitle "EXT 2012"]
[Source "ChessBase"]
[SourceDate "2011.11.24"]
[SourceVersion "1"]
[SourceVersionDate "2011.11.24"]
[SourceQuality "1"]

1. Nf3 Nf6 2. g3 d6 3. d4 Nbd7 4. Bg2 g6 5. a4 Bg7 6. a5 a6 7. 0-0 0-0 8. c3 e5 9. dxe5 Nxe5 10. Nxe5 dxe5 11. Qxd8 Rxd8 12. Nd2 Rb8 13. Nc4 Re8 14. Be3 Ng4 15. Ba7 Ra8 16. Bc5 Bf8 17. Bxf8 Kxf8 18. Ra4 Rb8 19. Rb4 f6 20. h3 Nh6 21. Ne3 Kg7 22. Ra1 Rd8 23. Kf1 Nf7 24. Ke1 Rd6 25. h4 b5 26. axb6 Rdxb6 27. Nd5 Rxb4 28. cxb4 Bb7 29. Rc1 c6 30. Nb6 Ba8 31. Nxa8 Rxa8 32. Rxc6 Rb8 33. Bd5 Nh6 34. Rxa6 Rxb4 35. Ra7+ Kh8 36. b3 Nf5 37. e3 Rb6 38. Ke2 Rd6 39. Bc4 Rd8 40. Rf7 Rd6 41. h5 Rb6 42. hxg6 hxg6 43. Bd5 Rd6 44. Be4 Nh6 45. Rc7 f5 46. Bc6 e4 47. f3 exf3+ 48. Kxf3 g5 49. Ke2 Re6 50. b4 Ng4 51. e4 fxe4 52. Bd7 Rb6 53. Bxg4 Rxb4 54. Kf2 e3+ 55. Kf3 e2 56. Re7 Rb3+ 57. Kf2 e1Q+ 58. Rxe1 Kg7 59. Re6 Rb2+ 60. Be2 Rb3 61. Rd6 Ra3 62. Bd3 1-0